000
00245nam a22000857a 4500
008
160702b xxu||||| |||| 00| 0 eng d
100
_9
1794
_a
Srivastava, D.S
245
_a
Education: Assessment, Evaluation and Remedial
260
_a
Delhi
_b
Isha
_c
2005
999
_c
1498
_d
1498